| 000 | 02500nam a22002777a 4500 | ||
|---|---|---|---|
| 005 | 20150821113910.0 | ||
| 008 | 150729s1927 fr ||||fr|||| 001 0 spa d | ||
| 040 |
_cSandra Yazo _dSandra Yazo |
||
| 041 | 1 | _afre | |
| 082 | 1 | 0 |
_220 _a546 |
| 092 | _aE36N059 | ||
| 100 | 1 |
_aBoll, Marcel _970437 |
|
| 242 | 0 | 0 |
_aCurso de Química _cMarcelo Boll _pI. Leyes Generales. Metaloides _pII. Metales y cationes |
| 245 | 1 | 0 |
_aCours de Chimie _cpar Marcel Boll _pI. Lois générales; Métalloïdes _pII. Métaux et Cations |
| 250 |
_aTroisième édition [Tercera edición] _brefondue, mise à jour et réajustée aux nouveaux programmes d’admission aux Grandes Écoles [revisada, actualizada y adaptada a los nuevos programas de admisión en las Escuelas Superiores] |
||
| 260 |
_aParís [Francia] _bDunod _bEtablissements Busson [Establecimientos Busson] _c1927 |
||
| 300 |
_a2 volúmenes (xiv, 571 ; xxiii, 400 páginas) _c22 x 15 cm. |
||
| 500 | _aDetalles físicos: Encuadernación rígida (holandesa) en cartón forrado en papel. Lomo de tela con adornos en dorado. Guardas. Anteportada. Portada impresa en una sola tinta. Texto impreso en una sola columna, con diferentes tipos y tamaños de letra. Párrafos numerados. Notas de pie de página. Imágenes, tablas, fórmulas y gráficos entre el texto. Tapas con raspaduras, dobleces y residuos de cinta pegante | ||
| 505 | 2 | _aV.1: Bibliografía recomendada ; Prefacio ; Mezcla y separación mecánica ; Fases ; El agua: análisis inmediato ; Análisis y síntesis del agua ; Análisis elemental: cuerpo simple ; La composición de los cuerpos puros: los elementos ; Bases de la atomística ; Primeras aplicaciones de la atomística en química ; El calor de reacción ; Disociación del agua; ley de acción de masa ; Rapidez de la reacción: catálisis -- V.2 : Bibliografía recomendada ; Introducción ; Sistema periódico de los elementos ; Volúmenes atómicos y propiedades elásticas de los metales ; Propiedades térmicas y cambio de estado ; Propiedades electromagnéticas de los metales ; Propiedades plásticas ; Propiedades de los metales martillados ; Aleaciones metálicas y sus propiedades ; Metalurgia ; Reacciones químicas de los metales ; Propiedades generales de las soluciones salinas | |
| 506 | _aConsulta en sala | ||
| 546 | _aTexto en francés | ||
| 650 | 7 |
_922996 _aQuímica inorgánica |
|
| 690 |
_942755 _aCiencias naturales |
||
| 700 | 1 |
_aAllard, Georges _970929 |
|
| 942 |
_2LOCAL _cLIBRO _e3 _hE36N059 |
||
| 999 |
_c300639 _d300639 |
||